[Event "RUS-chT Women Rapid 2019"]
[Site "Sochi"]
[Date "2019.10.19"]
[Round "8.5"]
[White "Voit, Daria"]
[Black "Borisova, Ekaterina"]
[Result "1-0"]
[WhiteElo "2336"]
[BlackElo "2118"]
[Annotator "NA"]
[PlyCount "91"]
[EventDate "2019.10.18"]
[EventType "swiss"]
[EventCountry "RUS"]
[SourceTitle "playchess.com"]
[Source "ChessBase"]
[SourceQuality "1"]
[TimeControl "900+10"]

1. d4 {[%emt 0:00:00]} d5 {[%emt 0:00:00]} 2. c4 {[%emt 0:00:00]} c6 {[%emt 0:00:00]} 3. Nf3 {[%emt 0:00:00]} Nf6 {[%emt 0:00:00]} 4. e3 {[%emt 0:00:00]} Bg4 {[%emt 0:00:00]} 5. h3 {[%emt 0:00:00]} Bh5 {[%emt 0:00:00]} 6. g4 {[%emt 0:00:05]} Bg6 {[%emt 0:00:00]} 7. Ne5 {[%emt 0:00:01]} Nbd7 {[%emt 0:00:00]} 8. Nxg6 {[%emt 0:00:36]} hxg6 {[%emt 0:00:00]} 9. Bg2 {[%emt 0:00:31]} e6 {[%emt 0:00:49]} 10. Nd2 {[%emt 0:01:13]} Be7 {[%emt 0:00:21]} 11. O-O {[%emt 0:00:10]} g5 {[%emt 0:00:02]} 12. Re1 {[%emt 0:00:08]} Qb6 {[%emt 0:00:15]} 13. Qb3 {[%emt 0:01:34]} O-O {[%emt 0:01:03]} 14. e4 {[%emt 0:03:54]} dxe4 {[%emt 0:00:38]} 15. Nxe4 {[%emt 0:00:02]} Nxe4 {[%emt 0:00:26]} 16. Rxe4 {[%emt 0:00:05]} Bf6 {[%emt 0:01:36]} 17. Be3 {[%emt 0:00:33]} Qa6 {[%emt 0:01:59]} 18. d5 {[%emt 0:00:38]} exd5 {[%emt 0:00:22]} 19. cxd5 {[%emt 0:00:02]} cxd5 {[%emt 0:00:12]} 20. Qxd5 {[%emt 0:01:04]} Nb6 {[%emt 0:00:07]} 21. Qb3 {[%emt 0:00:30]} Rac8 {[%emt 0:01:26]} 22. Rb4 {[%emt 0:01:48]} Qe2 {[%emt 0:01:01]} 23. Bxb7 {[%emt 0:00:32]} Rc7 {[%emt 0:00:53]} 24. Bg2 {[%emt 0:00:13]} Rfc8 {[%emt 0:00:48]} 25. Rb1 {[%emt 0:01:13]} Nd7 {[%emt 0:00:24]} 26. Rb7 {[%emt 0:00:18]} Nf8 {[%emt 0:01:42]} 27. Bd5 {[%emt 0:01:00]} Kh8 {[%emt 0:01:19]} 28. Rxc7 {[%emt 0:01:27]} Rxc7 {[%emt 0:00:01]} 29. Bxf7 {[%emt 0:01:37]} Qf3 {[%emt 0:00:24]} 30. Bd2 {[%emt 0:00:01]} Qe2 {[%emt 0:00:34]} 31. Be3 {[%emt 0:00:30]} Qf3 {[%emt 0:00:14]} 32. Rc1 {[%emt 0:00:11]} Rb7 {[%emt 0:00:32]} 33. Qd5 {[%emt 0:00:08]} Qxd5 {[%emt 0:00:11]} 34. Bxd5 {[%emt 0:00:02]} Rxb2 {[%emt 0:00:08]} 35. Rc8 {[%emt 0:00:07]} Be7 {[%emt 0:00:01]} 36. Bxa7 {[%emt 0:00:09]} Kh7 {[%emt 0:00:11]} 37. Be4+ {[%emt 0:00:10]} Kg8 {[%emt 0:00:06]} 38. Bd4 {[%emt 0:00:05]} Rd2 {[%emt 0:00:15]} 39. Be3 {[%emt 0:00:10]} Rd1+ {[%emt 0:00:05]} 40. Kg2 {[%emt 0:00:01]} Kf7 {[%emt 0:00:02]} 41. Bc2 {[%emt 0:00:10]} Rd7 {[%emt 0:00:12]} 42. a4 {[%emt 0:00:07]} Ne6 {[%emt 0:00:14]} 43. Bb3 {[%emt 0:00:01]} Kf6 {[%emt 0:00:01]} 44. Rc6 {[%emt 0:00:07]} Bd6 {[%emt 0:00:01]} 45. Bxe6 {[%emt 0:00:16]} Kxe6 {[%emt 0:00:02]} 46. Bc5 {[%emt 0:00:06]} 1-0

[Event "RUS-chT Women Rapid 2019"]
[Site "Sochi"]
[Date "2019.10.19"]
[Round "8.6"]
[White "Danilova, Rada"]
[Black "Tomilova, Elena"]
[Result "1/2-1/2"]
[WhiteElo "1843"]
[BlackElo "2345"]
[Annotator "NA"]
[PlyCount "107"]
[EventDate "2019.10.18"]
[EventType "swiss"]
[EventCountry "RUS"]
[SourceTitle "playchess.com"]
[Source "ChessBase"]
[SourceQuality "1"]
[TimeControl "900+10"]

1. d4 {[%emt 0:00:00]} d5 {[%emt 0:00:00]} 2. c4 {[%emt 0:00:00]} c6 {[%emt 0:00:00]} 3. cxd5 {[%emt 0:00:00]} cxd5 {[%emt 0:00:00]} 4. Bg5 {[%emt 0:00:00]} h6 {[%emt 0:00:08]} 5. Bh4 {[%emt 0:00:02]} Nc6 {[%emt 0:00:08]} 6. Nc3 {[%emt 0:00:08]} Qb6 {[%emt 0:00:06]} 7. Qd2 {[%emt 0:00:29]} e6 {[%emt 0:00:55]} 8. e3 {[%emt 0:00:04]} Be7 {[%emt 0:01:17]} 9. Nf3 {[%emt 0:00:18]} Bxh4 {[%emt 0:00:25]} 10. Nxh4 {[%emt 0:00:02]} Nf6 {[%emt 0:00:05]} 11. Bd3 {[%emt 0:01:08]} Bd7 {[%emt 0:00:36]} 12. Rc1 {[%emt 0:00:10]} Na5 {[%emt 0:01:43]} 13. b3 {[%emt 0:00:29]} O-O {[%emt 0:00:14]} 14. O-O {[%emt 0:00:07]} Rac8 {[%emt 0:00:18]} 15. Nf3 {[%emt 0:00:25]} a6 {[%emt 0:03:22]} 16. Ne5 {[%emt 0:00:34]} Bb5 {[%emt 0:00:28]} 17. Nxb5 {[%emt 0:00:22]} axb5 {[%emt 0:00:03]} 18. Qb4 {[%emt 0:00:52]} Nc6 {[%emt 0:01:52]} 19. Qxb5 {[%emt 0:00:31]} Qxb5 {[%emt 0:01:03]} 20. Bxb5 {[%emt 0:00:01]} Nxe5 {[%emt 0:00:01]} 21. dxe5 {[%emt 0:00:02]} Ne4 {[%emt 0:00:04]} 22. Bd7 {[%emt 0:01:05]} Ra8 {[%emt 0:00:09]} 23. Rc2 {[%emt 0:00:35]} b6 {[%emt 0:00:42]} 24. b4 {[%emt 0:00:37]} Rfd8 {[%emt 0:01:20]} 25. Bb5 {[%emt 0:00:25]} Ra3 {[%emt 0:00:02]} 26. Rfc1 {[%emt 0:02:31]} d4 {[%emt 0:00:45]} 27. exd4 {[%emt 0:01:19]} Rxd4 {[%emt 0:00:07]} 28. Rc4 {[%emt 0:00:50]} Rxc4 {[%emt 0:00:33]} 29. Bxc4 {[%emt 0:00:32]} Nd2 {[%emt 0:00:19]} 30. h4 {[%emt 0:01:33]} g5 {[%emt 0:00:32]} 31. hxg5 {[%emt 0:00:05]} hxg5 {[%emt 0:00:01]} 32. Rc2 {[%emt 0:00:16]} Nxc4 {[%emt 0:00:10]} 33. Rxc4 {[%emt 0:00:01]} Rxa2 {[%emt 0:00:01]} 34. Rg4 {[%emt 0:00:52]} Ra1+ {[%emt 0:00:14]} 35. Kh2 {[%emt 0:00:03]} Kf8 {[%emt 0:00:14]} 36. Rxg5 {[%emt 0:00:13]} Rb1 {[%emt 0:00:32]} 37. Rg4 {[%emt 0:00:42]} Ke7 {[%emt 0:00:04]} 38. Rd4 {[%emt 0:00:12]} f6 {[%emt 0:00:27]} 39. exf6+ Kxf6 {[%emt 0:00:02]} 40. f4 {[%emt 0:00:58]} Kf5 {[%emt 0:00:54]} 41. Kg3 {[%emt 0:00:20]} b5 {[%emt 0:00:06]} 42. Kf3 {[%emt 0:00:41]} Rb3+ {[%emt 0:00:03]} 43. Kf2 {[%emt 0:00:10]} Rb2+ {[%emt 0:00:02]} 44. Kg3 {[%emt 0:00:05]} Rb1 {[%emt 0:00:06]} 45. Kh4 {[%emt 0:00:21]} Rh1+ {[%emt 0:00:02]} 46. Kg3 {[%emt 0:00:01]} Rb1 {[%emt 0:00:01]} 47. Kf3 {[%emt 0:00:01]} Rb3+ {[%emt 0:00:02]} 48. Kf2 {[%emt 0:00:02]} Rb2+ {[%emt 0:00:02]} 49. Kg3 {[%emt 0:00:06]} Rb1 {[%emt 0:00:03]} 50. Kf3 {[%emt 0:00:22]} Rb3+ {[%emt 0:00:02]} 51. Kf2 {[%emt 0:00:02]} Rb2+ {[%emt 0:00:04]} 52. Kg3 {[%emt 0:00:04]} Rb1 {[%emt 0:00:03]} 53. Kh3 {[%emt 0:00:28]} Rh1+ {[%emt 0:00:03]} 54. Kg3 {[%emt 0:00:03] Ke5} 1/2-1/2

[Event "RUS-chT Women Rapid 2019"]
[Site "Sochi"]
[Date "2019.10.19"]
[Round "8.7"]
[White "Gritsayeva, Oksana"]
[Black "Ivanova, Anastasia S."]
[Result "0-1"]
[WhiteElo "2370"]
[BlackElo "1615"]
[Annotator "NA"]
[PlyCount "116"]
[EventDate "2019.10.18"]
[EventType "swiss"]
[EventCountry "RUS"]
[SourceTitle "playchess.com"]
[Source "ChessBase"]
[SourceQuality "1"]
[TimeControl "900+10"]

1. e4 {[%emt 0:00:00]} c5 {[%emt 0:00:00]} 2. Nf3 {[%emt 0:00:00]} d6 {[%emt 0:00:00]} 3. d4 {[%emt 0:00:10]} cxd4 {[%emt 0:00:00]} 4. Qxd4 {[%emt 0:00:02]} Nc6 {[%emt 0:00:00]} 5. Bb5 {[%emt 0:00:02]} Bd7 {[%emt 0:00:00]} 6. Qd3 {[%emt 0:00:14]} g6 {[%emt 0:00:20]} 7. O-O {[%emt 0:00:33]} Bg7 {[%emt 0:00:03]} 8. c4 {[%emt 0:00:27]} Nf6 {[%emt 0:00:23]} 9. Nc3 {[%emt 0:00:02]} O-O {[%emt 0:00:11]} 10. h3 {[%emt 0:00:35]} Rc8 {[%emt 0:00:23]} 11. Bxc6 {[%emt 0:00:46]} Bxc6 {[%emt 0:00:17]} 12. Bd2 {[%emt 0:01:10]} Nd7 {[%emt 0:02:14]} 13. b4 {[%emt 0:00:36]} b6 {[%emt 0:00:41]} 14. Rac1 {[%emt 0:00:18]} Bb7 {[%emt 0:01:17]} 15. Rfe1 {[%emt 0:01:10]} Ba6 {[%emt 0:02:30]} 16. Nd5 {[%emt 0:00:42]} h6 {[%emt 0:01:08]} 17. b5 {[%emt 0:03:15]} Bb7 {[%emt 0:00:23]} 18. Bf4 {[%emt 0:01:09]} Kh7 {[%emt 0:01:49]} 19. Qa3 {[%emt 0:00:56]} Ra8 {[%emt 0:01:07]} 20. Qe3 {[%emt 0:00:52]} Nc5 {[%emt 0:01:33]} 21. Rcd1 {[%emt 0:00:31]} Ne6 {[%emt 0:01:42]} 22. Bg3 {[%emt 0:00:15]} Rc8 {[%emt 0:00:08]} 23. e5 {[%emt 0:00:39]} Rxc4 {[%emt 0:00:46]} 24. exd6 {[%emt 0:00:06]} exd6 {[%emt 0:00:13]} 25. Bxd6 {[%emt 0:00:52]} Re8 {[%emt 0:00:28]} 26. Ne5 {[%emt 0:02:12]} Bxd5 {[%emt 0:01:03]} 27. Rxd5 {[%emt 0:00:03]} Qa8 {[%emt 0:00:11]} 28. Qd2 {[%emt 0:01:10]} Nf4 {[%emt 0:00:13]} 29. Nxc4 {[%emt 0:00:19]} Rxe1+ {[%emt 0:00:14]} 30. Qxe1 {[%emt 0:00:01]} Qxd5 {[%emt 0:00:16]} 31. Bxf4 {[%emt 0:00:02]} Qxc4 {[%emt 0:00:01]} 32. Bg3 {[%emt 0:00:38]} Qxa2 {[%emt 0:00:32]} 33. Qe7 {[%emt 0:00:08]} Qb1+ {[%emt 0:00:06]} 34. Kh2 {[%emt 0:00:01]} Qxb5 {[%emt 0:00:05]} 35. Qxa7 {[%emt 0:00:12]} Qb3 {[%emt 0:00:03]} 36. Qc7 {[%emt 0:00:16]} b5 {[%emt 0:00:15]} 37. Be5 {[%emt 0:00:17]} Bxe5+ {[%emt 0:00:05]} 38. Qxe5 {[%emt 0:00:01]} Qc4 {[%emt 0:00:01]} 39. Qf6 {[%emt 0:00:14]} b4 {[%emt 0:00:02]} 40. Qb6 {[%emt 0:00:04]} b3 {[%emt 0:00:02]} 41. g3 {[%emt 0:00:07]} Qc2 {[%emt 0:00:04]} 42. Qa7 {[%emt 0:00:05]} Qf5 {[%emt 0:00:29]} 43. Qb6 {[%emt 0:00:05]} Qe6 {[%emt 0:00:14]} 44. Qb4 {[%emt 0:00:07]} Qd5 {[%emt 0:00:10]} 45. Qc3 {[%emt 0:00:10]} Qb7 {[%emt 0:00:16]} 46. Qb2 {[%emt 0:00:04]} Qf3 {[%emt 0:00:19]} 47. Kg1 {[%emt 0:00:10]} Qd1+ {[%emt 0:00:04]} 48. Kg2 {[%emt 0:00:04]} Qc2 {[%emt 0:00:16]} 49. Qf6 {[%emt 0:00:04]} Qe4+ {[%emt 0:00:09]} 50. Kg1 {[%emt 0:00:07]} Kg8 {[%emt 0:00:13]} 51. Qd8+ {[%emt 0:00:02]} Kg7 {[%emt 0:00:03]} 52. Qb6 {[%emt 0:00:04]} Qe1+ {[%emt 0:00:02]} 53. Kg2 {[%emt 0:00:03]} Qc3 {[%emt 0:00:02]} 54. Qb5 {[%emt 0:00:12]} b2 {[%emt 0:00:08]} 55. h4 {[%emt 0:00:12]} Qc2 {[%emt 0:00:14]} 56. Qe5+ {[%emt 0:00:06]} Kh7 {[%emt 0:00:05]} 57. Qf6 {[%emt 0:00:14]} Qb3 {[%emt 0:00:02]} 58. h5 {[%emt 0:00:17]} b1=Q {[%emt 0:00:08]} 0-1

[Event "RUS-chT Women Rapid 2019"]
[Site "Sochi"]
[Date "2019.10.19"]
[Round "8.8"]
[White "Gaer, Margarita"]
[Black "Vasilevich, Tatjana"]
[Result "0-1"]
[WhiteElo "1606"]
[BlackElo "2360"]
[Annotator "NA"]
[PlyCount "106"]
[EventDate "2019.10.18"]
[EventType "swiss"]
[EventCountry "RUS"]
[SourceTitle "playchess.com"]
[Source "ChessBase"]
[SourceQuality "1"]
[TimeControl "900+10"]

1. d4 {[%emt 0:00:00]} Nf6 {[%emt 0:00:00]} 2. Nf3 {[%emt 0:00:00]} e6 {[%emt 0:00:00]} 3. Bf4 {[%emt 0:00:00]} d5 {[%emt 0:00:00]} 4. e3 {[%emt 0:00:00]} Bd6 {[%emt 0:00:00]} 5. Bd3 {[%emt 0:00:03]} O-O {[%emt 0:00:08]} 6. Ne5 {[%emt 0:00:05]} c5 {[%emt 0:00:15]} 7. c3 {[%emt 0:00:02]} Nc6 {[%emt 0:00:10]} 8. Qc2 {[%emt 0:00:46]} Qc7 {[%emt 0:00:18]} 9. Nxc6 {[%emt 0:00:43]} Bxf4 {[%emt 0:01:24]} 10. exf4 {[%emt 0:00:18]} Qxc6 {[%emt 0:00:10]} 11. Nd2 {[%emt 0:00:46]} cxd4 {[%emt 0:01:38]} 12. cxd4 {[%emt 0:00:06]} Qxc2 {[%emt 0:00:16]} 13. Bxc2 {[%emt 0:00:02]} Bd7 {[%emt 0:00:07]} 14. O-O {[%emt 0:00:58]} Bb5 {[%emt 0:00:12]} 15. Rfe1 {[%emt 0:00:37]} Rac8 {[%emt 0:00:28]} 16. Rac1 {[%emt 0:00:11]} g6 {[%emt 0:02:18]} 17. Bb1 {[%emt 0:00:49]} Nd7 {[%emt 0:01:31]} 18. Nf3 {[%emt 0:01:26]} Nb6 {[%emt 0:00:13]} 19. Ne5 {[%emt 0:00:24]} Na4 {[%emt 0:00:38]} 20. Bd3 {[%emt 0:02:12]} Bxd3 {[%emt 0:02:28]} 21. Nxd3 {[%emt 0:00:03]} Rc4 {[%emt 0:00:43]} 22. Rxc4 {[%emt 0:01:53]} dxc4 {[%emt 0:00:01]} 23. Nc5 {[%emt 0:02:36]} Nxb2 {[%emt 0:03:37]} 24. Nxb7 {[%emt 0:00:57]} Nd3 {[%emt 0:00:14]} 25. Rd1 {[%emt 0:00:33]} Nxf4 {[%emt 0:00:15]} 26. g3 {[%emt 0:00:45]} Nd5 {[%emt 0:00:07]} 27. Rc1 {[%emt 0:00:57]} c3 {[%emt 0:00:20]} 28. Nc5 {[%emt 0:00:21]} Rb8 {[%emt 0:00:16]} 29. Na4 {[%emt 0:00:52]} Rc8 {[%emt 0:00:34]} 30. Nc5 {[%emt 0:00:04]} e5 {[%emt 0:00:41]} 31. Nb3 {[%emt 0:00:34]} exd4 {[%emt 0:00:31]} 32. Nxd4 {[%emt 0:00:02]} Rc4 {[%emt 0:00:16]} 33. Nb3 {[%emt 0:00:41]} Ra4 {[%emt 0:00:21]} 34. Rc2 {[%emt 0:00:12]} Kf8 {[%emt 0:00:03]} 35. Kf1 {[%emt 0:00:08]} Rc4 {[%emt 0:00:13]} 36. Ke2 {[%emt 0:00:14]} Nb4 {[%emt 0:00:06]} 37. Rc1 {[%emt 0:00:09]} Nxa2 {[%emt 0:00:14]} 38. Ra1 {[%emt 0:00:15]} Nb4 {[%emt 0:00:06]} 39. Rxa7 {[%emt 0:00:10]} Re4+ {[%emt 0:00:11]} 40. Kf3 {[%emt 0:00:09]} Re1 {[%emt 0:00:08]} 41. Rc7 {[%emt 0:00:10]} Nd5 {[%emt 0:00:18]} 42. Rc5 {[%emt 0:00:07]} Rb1 {[%emt 0:00:10]} 43. Rxd5 {[%emt 0:00:06]} Rxb3 {[%emt 0:00:11]} 44. Rc5 {[%emt 0:00:11]} c2+ {[%emt 0:00:11]} 45. Ke2 {[%emt 0:00:02]} Rb2 {[%emt 0:00:02]} 46. Kd2 c1=Q+ {[%emt 0:00:08]} 47. Kxc1 {[%emt 0:00:06]} Rxf2 {[%emt 0:00:01]} 48. h4 {[%emt 0:00:16]} Rf3 {[%emt 0:00:11]} 49. g4 {[%emt 0:00:20]} Rf4 {[%emt 0:00:06]} 50. h5 {[%emt 0:00:13]} Rxg4 {[%emt 0:00:05]} 51. hxg6 {[%emt 0:00:07]} hxg6 {[%emt 0:00:03]} 52. Kd2 {[%emt 0:00:08]} Re4 {[%emt 0:00:01]} 53. Kd3 {[%emt 0:00:04]} Re6 {[%emt 0:00:02]} 0-1

[Event "RUS-chT Women Rapid 2019"]
[Site "Sochi"]
[Date "2019.10.19"]
[Round "8.9"]
[White "Ambartsumova, Karina"]
[Black "Gunina, Valentina"]
[Result "1-0"]
[WhiteElo "2341"]
[BlackElo "2509"]
[Annotator "ChessBase"]
[PlyCount "117"]
[EventDate "2019.10.18"]
[EventType "swiss"]
[EventCountry "RUS"]
[SourceTitle "playchess.com"]
[Source "ChessBase"]
[SourceQuality "1"]
[TimeControl "900+10"]

1. c4 {[%emt 0:00:00]} e5 {[%emt 0:00:40]} 2. Nc3 {[%emt 0:00:04]} Nf6 {[%emt 0:00:02]} 3. Nf3 {[%emt 0:00:04]} Nc6 {[%emt 0:00:02]} 4. a3 {[%emt 0:00:13]} e4 {[%emt 0:02:16]} 5. Ng5 {[%emt 0:01:01]} Qe7 {[%emt 0:00:03]} 6. d3 {[%emt 0:03:05]} exd3 {[%emt 0:00:19]} 7. Qxd3 {[%emt 0:00:01]} Ne5 {[%emt 0:00:03]} 8. Qc2 {[%emt 0:00:36]} Nxc4 {[%emt 0:02:28]} 9. e4 {[%emt 0:01:10]} Nd6 {[%emt 0:00:31]} 10. Bd3 {[%emt 0:00:53]} h6 {[%emt 0:01:25]} 11. Nf3 {[%emt 0:00:31]} Ndxe4 {[%emt 0:00:06]} 12. O-O {[%emt 0:00:32]} d5 {[%emt 0:00:26]} 13. Nxd5 {[%emt 0:01:09]} Nxd5 {[%emt 0:00:01]} 14. Bxe4 {[%emt 0:00:02]} Be6 {[%emt 0:00:57]} 15. Bxd5 {[%emt 0:03:11]} Bxd5 {[%emt 0:00:01]} 16. Re1 {[%emt 0:00:01]} Be6 {[%emt 0:00:01]} 17. Bf4 {[%emt 0:00:01]} Qc5 {[%emt 0:03:13]} 18. Rxe6+ {[%emt 0:00:29]} fxe6 {[%emt 0:00:01]} 19. Qg6+ {[%emt 0:00:02]} Kd8 {[%emt 0:01:54]} 20. Rd1+ {[%emt 0:04:11]} Bd6 {[%emt 0:00:16]} 21. Bxd6 {[%emt 0:00:01]} cxd6 {[%emt 0:00:01]} 22. Qxe6 {[%emt 0:00:02]} Rc8 {[%emt 0:00:12]} 23. b4 {[%emt 0:00:16]} Qc2 {[%emt 0:02:32]} 24. Qxd6+ {[%emt 0:00:03]} Ke8 {[%emt 0:00:01]} 25. Ne5 {[%emt 0:01:07]} Qf5 {[%emt 0:01:24]} 26. Ng6 {[%emt 0:00:02]} Kf7 {[%emt 0:00:10]} 27. Nxh8+ {[%emt 0:00:18]} Rxh8 {[%emt 0:00:01]} 28. Qd7+ {[%emt 0:00:21]} Qxd7 {[%emt 0:00:11]} 29. Rxd7+ {[%emt 0:00:01]} Kf6 {[%emt 0:00:03]} 30. Rxb7 {[%emt 0:00:01]} Ra8 {[%emt 0:00:07]} 31. a4 {[%emt 0:00:07]} a5 {[%emt 0:00:13]} 32. h4 {[%emt 0:00:18]} axb4 33. Rxb4 {[%emt 0:00:01]} Rc8 {[%emt 0:00:09]} 34. g3 {[%emt 0:00:19]} Rc1+ {[%emt 0:00:02]} 35. Kg2 {[%emt 0:00:01]} h5 {[%emt 0:00:15]} 36. Rb6+ {[%emt 0:00:13]} Kf5 {[%emt 0:00:13]} 37. Rb5+ {[%emt 0:00:03]} Kg6 {[%emt 0:00:04]} 38. Rg5+ {[%emt 0:00:01]} Kh6 {[%emt 0:00:01]} 39. Kf3 {[%emt 0:00:20]} Rc3+ {[%emt 0:00:03]} 40. Ke2 {[%emt 0:00:04]} Rc2+ {[%emt 0:00:11]} 41. Ke3 {[%emt 0:00:04]} Rc3+ {[%emt 0:00:03]} 42. Kd2 {[%emt 0:00:03]} Ra3 {[%emt 0:00:03]} 43. a5 {[%emt 0:00:10]} Ra2+ {[%emt 0:00:15]} 44. Ke3 {[%emt 0:00:05]} Ra3+ {[%emt 0:00:22]} 45. Ke4 {[%emt 0:00:07]} Ra2 {[%emt 0:00:26]} 46. f4 {[%emt 0:00:10]} Rd2 {[%emt 0:00:32]} 47. Rd5 {[%emt 0:00:16]} Ra2 {[%emt 0:00:01]} 48. Rd6+ {[%emt 0:00:15]} Kh7 {[%emt 0:00:14]} 49. a6 {[%emt 0:00:01]} Ra3 {[%emt 0:00:02]} 50. Kd5 {[%emt 0:00:17]} Rxg3 {[%emt 0:00:03]} 51. Kc6 {[%emt 0:00:12]} Rc3+ {[%emt 0:00:31]} 52. Kb7 {[%emt 0:00:02]} Re3 {[%emt 0:00:10]} 53. a7 {[%emt 0:00:09]} Re7+ {[%emt 0:00:02]} 54. Ka6 {[%emt 0:00:15]} Re8 {[%emt 0:00:03]} 55. Rb6 {[%emt 0:00:01]} Rf8 {[%emt 0:00:01]} 56. Rb8 {[%emt 0:00:12]} Rf6+ {[%emt 0:00:00]} 57. Kb5 {[%emt 0:00:05]} Rf5+ {[%emt 0:00:02]} 58. Kc6 {[%emt 0:00:08]} Rf6+ {[%emt 0:00:02]} 59. Kd5 {[%emt 0:00:01]} 1-0

[Event "RUS-chT Women Rapid 2019"]
[Site "Sochi"]
[Date "2019.10.19"]
[Round "8.10"]
[White "Bivol, Alina"]
[Black "Shafigullina, Zarina"]
[Result "1-0"]
[WhiteElo "2371"]
[BlackElo "2295"]
[Annotator "NA"]
[PlyCount "91"]
[EventDate "2019.10.18"]
[EventType "swiss"]
[EventCountry "RUS"]
[SourceTitle "playchess.com"]
[Source "ChessBase"]
[SourceQuality "1"]
[TimeControl "900+10"]

1. c4 {[%emt 0:00:56]} e5 {[%emt 0:00:00]} 2. g3 {[%emt 0:00:01]} c6 {[%emt 0:00:03]} 3. Nf3 {[%emt 0:00:06]} e4 {[%emt 0:00:06]} 4. Nd4 {[%emt 0:00:01]} d5 {[%emt 0:00:44]} 5. cxd5 {[%emt 0:00:01]} cxd5 {[%emt 0:00:01]} 6. d3 {[%emt 0:00:02]} Bb4+ {[%emt 0:01:08]} 7. Nc3 {[%emt 0:00:23]} Bxc3+ {[%emt 0:00:23]} 8. bxc3 {[%emt 0:00:01]} Ne7 {[%emt 0:01:05]} 9. dxe4 {[%emt 0:00:11]} dxe4 {[%emt 0:00:03]} 10. Bg2 {[%emt 0:00:01]} f5 {[%emt 0:00:11]} 11. Qb3 {[%emt 0:00:44]} Qd5 {[%emt 0:00:29]} 12. Ba3 {[%emt 0:00:03]} Qxb3 {[%emt 0:04:17]} 13. axb3 {[%emt 0:00:02]} a6 {[%emt 0:00:01]} 14. f3 {[%emt 0:01:00]} exf3 {[%emt 0:00:08]} 15. Bxf3 {[%emt 0:00:08]} Nbc6 {[%emt 0:00:05]} 16. O-O {[%emt 0:00:29]} Bd7 {[%emt 0:01:17]} 17. e4 {[%emt 0:00:35]} O-O-O {[%emt 0:06:21]} 18. Nxf5 {[%emt 0:00:45]} Nxf5 {[%emt 0:00:07]} 19. exf5 {[%emt 0:00:01]} Rde8 {[%emt 0:00:02]} 20. Rae1 {[%emt 0:01:10]} Rxe1 {[%emt 0:00:05]} 21. Rxe1 {[%emt 0:00:01]} Bxf5 {[%emt 0:00:01]} 22. Bc5 {[%emt 0:02:04]} Bd7 {[%emt 0:00:08]} 23. b4 {[%emt 0:00:13]} Re8 {[%emt 0:00:31]} 24. Rxe8+ {[%emt 0:01:57]} Bxe8 {[%emt 0:00:01]} 25. Bd5 {[%emt 0:00:00]} g6 {[%emt 0:01:34]} 26. Kf2 {[%emt 0:00:07]} Ne5 {[%emt 0:00:02]} 27. Bd4 {[%emt 0:00:26]} Nc6 {[%emt 0:00:01]} 28. Bg7 {[%emt 0:00:17]} Kd7 {[%emt 0:00:02]} 29. Ke3 {[%emt 0:00:19]} Kd6 {[%emt 0:00:14]} 30. Bg8 {[%emt 0:00:03]} Ne7 {[%emt 0:00:32]} 31. Bf8 {[%emt 0:00:02]} h5 {[%emt 0:00:03]} 32. Kf4 {[%emt 0:00:33]} Kd7 {[%emt 0:00:02]} 33. Bb3 {[%emt 0:00:10]} Nf5 {[%emt 0:00:24]} 34. Bc5 {[%emt 0:00:30]} Kc7 {[%emt 0:00:11]} 35. h3 {[%emt 0:00:42]} b6 {[%emt 0:00:05]} 36. Bf2 {[%emt 0:00:02]} a5 {[%emt 0:00:12]} 37. Ke5 {[%emt 0:01:05]} a4 {[%emt 0:00:13]} 38. Ba2 {[%emt 0:00:01]} Nd6 {[%emt 0:00:12]} 39. c4 {[%emt 0:00:09]} Nf7+ {[%emt 0:00:15]} 40. Kf6 {[%emt 0:00:55]} Nd6 {[%emt 0:00:03]} 41. Ke7 {[%emt 0:00:45]} Bd7 {[%emt 0:00:16]} 42. Bxb6+ {[%emt 0:00:59]} Kxb6 {[%emt 0:00:01]} 43. Kxd7 {[%emt 0:00:05]} Ne4 {[%emt 0:00:13]} 44. c5+ {[%emt 0:00:16]} Kb5 {[%emt 0:00:01]} 45. c6 {[%emt 0:00:32]} Nf6+ {[%emt 0:00:01]} 46. Ke7 {[%emt 0:00:15]} 1-0

[Event "RUS-chT Women Rapid 2019"]
[Site "Sochi"]
[Date "2019.10.19"]
[Round "8.11"]
[White "Yakimova, Mariya"]
[Black "Maltsevskaya, Aleksandra"]
[Result "1-0"]
[WhiteElo "2276"]
[BlackElo "2333"]
[Annotator "NA"]
[PlyCount "77"]
[EventDate "2019.10.18"]
[EventType "swiss"]
[EventCountry "RUS"]
[SourceTitle "playchess.com"]
[Source "ChessBase"]
[SourceQuality "1"]
[TimeControl "900+10"]

1. d4 {[%emt 0:00:00]} Nf6 {[%emt 0:00:00]} 2. c4 {[%emt 0:00:00]} c5 {[%emt 0:00:03]} 3. d5 {[%emt 0:00:00]} b5 {[%emt 0:00:02]} 4. cxb5 {[%emt 0:00:00]} a6 {[%emt 0:00:02]} 5. bxa6 {[%emt 0:00:00]} e6 {[%emt 0:00:02]} 6. Nc3 {[%emt 0:00:57]} exd5 {[%emt 0:00:04]} 7. Nxd5 {[%emt 0:00:33]} Be7 {[%emt 0:00:02]} 8. Nf3 {[%emt 0:00:11]} O-O {[%emt 0:00:06]} 9. e3 {[%emt 0:00:51]} Rxa6 {[%emt 0:00:07]} 10. Bc4 {[%emt 0:02:14]} Bb7 {[%emt 0:06:59]} 11. Nxe7+ {[%emt 0:00:02]} Qxe7 {[%emt 0:00:03]} 12. O-O {[%emt 0:00:02]} Rb6 {[%emt 0:00:13]} 13. b3 {[%emt 0:02:51]} Ne4 {[%emt 0:03:00]} 14. Bb2 {[%emt 0:00:26]} Rg6 {[%emt 0:00:03]} 15. Bd5 {[%emt 0:05:11]} Rd6 {[%emt 0:03:43]} 16. Bxb7 {[%emt 0:00:01]} Rxd1 {[%emt 0:00:02]} 17. Rfxd1 {[%emt 0:00:02]} Nc6 {[%emt 0:00:32]} 18. Bxc6 {[%emt 0:00:02]} dxc6 {[%emt 0:00:01]} 19. Ne5 {[%emt 0:00:54]} Qe6 {[%emt 0:00:02]} 20. Nc4 {[%emt 0:00:39]} f5 {[%emt 0:01:01]} 21. Be5 {[%emt 0:00:46]} h5 {[%emt 0:00:16]} 22. a4 {[%emt 0:00:26]} h4 {[%emt 0:00:51]} 23. h3 {[%emt 0:00:48]} g5 {[%emt 0:01:17]} 24. f3 {[%emt 0:00:01]} Nf6 {[%emt 0:00:13]} 25. Rd6 {[%emt 0:00:05]} Qe7 {[%emt 0:00:09]} 26. Rxc6 {[%emt 0:00:17]} g4 {[%emt 0:00:06]} 27. a5 {[%emt 0:00:50]} gxf3 {[%emt 0:00:11]} 28. gxf3 {[%emt 0:00:01]} Qb7 {[%emt 0:00:00]} 29. Rxf6 {[%emt 0:00:45]} Rxf6 {[%emt 0:00:14]} 30. Bxf6 {[%emt 0:00:01]} f4 {[%emt 0:00:05]} 31. a6 {[%emt 0:00:49]} Qxf3 {[%emt 0:00:02]} 32. a7 {[%emt 0:00:11]} Qg3+ {[%emt 0:00:09]} 33. Kf1 {[%emt 0:00:01]} Qxh3+ {[%emt 0:00:31]} 34. Ke2 {[%emt 0:00:19]} Qg2+ {[%emt 0:00:02]} 35. Kd1 {[%emt 0:00:14]} Qg1+ {[%emt 0:00:22]} 36. Kd2 {[%emt 0:00:14]} fxe3+ {[%emt 0:00:11]} 37. Nxe3 {[%emt 0:00:03]} Qf2+ {[%emt 0:00:01]} 38. Kd3 {[%emt 0:00:04]} c4+ {[%emt 0:00:03]} 39. bxc4 {[%emt 0:00:01]} 1-0